Biblioteca

La voz dulce de la verdad amarga : (Registro nro. 67113)

Detalles MARC
000 -LÍDER
Campo fijo de descripción fija 02653nam a2200337 i 4500
001 - NÚMERO DE CONTROL
Campo de control 768714001
003 - IDENTIFICADOR DEL NÚMERO DE CONTROL
Campo de control CO-MdFUSB
005 - FECHA Y HORA DE LA ULTIMA TRANSACCIÓN
control field 20220121155253.0
007 - CAMPO FIJO DE DESCRIPCIÓN FIJA--INFORMACIÓN GENERAL
Campo fijo de descripción fija ta
008 - ELEMENTOS DE LONGITUD FIJA -- INFORMACIÓN GENERAL
Campo fijo de descripción fija -- Información general 220121t2015 ck aoc|| |||| 00| 0 spa d
020 ## - NÚMERO INTERNACIONAL NORMALIZADO PARA LIBROS
Número Internacional Normalizado del libro [No incluye ISBN]
040 ## - FUENTE DE CATALOGACIÓN
Agencia de catalogación original CO-MdFUSB
Idioma de catalogación spa
Agencia que realiza la transcripción CO-MdFUSB
Agencia que realiza la modificación CO-MdFUSBC
Convenciones de la descripción rda
041 ## - CÓDIGO DE IDIOMA
Código de idioma para texto/pista de sonido o título separado spa
082 ## - NÚMERO DE CLASIFICACIÓN DECIMAL DEWEY
Número de la edición del Dewey 23
Número de clasificación 986.1
Clave de autor-Numero de item UR76
100 ## - ASIENTO PRINCIPAL--NOMBRE PERSONAL
Nombre personal Uribe de Hincapié, María Teresa
Término relacionador autor
245 13 - TÍTULO
Título del Material La voz dulce de la verdad amarga :
Parte restante del título - Subtitulo selección de textos
Mención de responsabilidad, etc. / María Teresa Uribe de Hincapié.
264 #1 - PRODUCCIÓN, PUBLICACIÓN, DISTRIBUCIÓN, MANUFACTURA, Y COPYRIGHT
Lugar de producción, publicación, distribución, manufactura Medellín, Colombia :
Nombre del productor, publicador, distribuidor Universidad de Antioquia,
Fecha de producción, publicación, distribución, manufactura, o copyright [2015]
264 #4 - PRODUCCIÓN, PUBLICACIÓN, DISTRIBUCIÓN, MANUFACTURA, Y COPYRIGHT
Fecha de producción, publicación, distribución, manufactura, o copyright © 2015
300 ## - DESCRIPCIÓN FÍSICA
Extensión 159 páginas
Dimensiones ; 21 cm
336 ## - TIPO DE CONTENIDO
Fuente rdacontent
Término de tipo de contenido texto
Código de tipo de contenido txt
337 ## - TIPO DE MEDIO
Fuente rdamedia
Nombre del tipo de medio sin mediación
Código del tipo de medio n
338 ## - TIPO DE SOPORTE
Fuente rdacarrier
Nombre del tipo de soporte volumen
Código Tipo de soporte nc
500 ## - NOTA GENERAL
Nota General Titulo Honoris Causa en Ciencias Sociales
505 ## - NOTA DE CONTENIDO
Nota de contenido con formato preestablecido - Sustentación compilada. Obra y vida de María Teresa Uribe de Hincapié. - Conceptos de los jurados sobre la concesión del Doctorado Honoris Causa en Ciencias Sociales a la maestra María Teresa Uribe de Hincapié, Universidad de Antioquia (Colombia). - Resolución superior. - Las ciencias sociales: un proyecto de vida. - Estado y sociedad frente a las víctimas de la violencia. - Notas preliminares sobre resistencias de la sociedad civil en un contexto de guerras y transacciones. - De aguafiestas y juergas.
520 ## - NOTA DE RESUMEN, ETC.
Nota de sumario, etc. El trabajo docente e investigativo de María Teresa Uribe de Hincapié se desarrolló entre 1973 y 2005 en la universidad de Antioquia. Fue profesora del departamento de sociología, adscrito a la facultad de ciencias sociales y humanas, y profesora e investigadora en el instituto de Estudios Regionales y en el instituto de Estudios Políticos. Su propuesta analítica ha sido radicalmente crítica y heterodoxa, y se ubica, no accidentalmente, en una frontera interdisciplinar en donde se conjuga la perspectiva histórica con acercamientos provenientes de la sociología, la filosofía, la antropología, la economía y la ciencia política. Esta opción analítica compleja y multidisciplinar le ha permitido alejarse, deliberadamente, de las “identidades profesionales” y escapar a los intentos de encasillamiento de su trabajo investigativo, adoptando un “mestizaje intelectual” que le facilita, justamente, “concebir y proponer una aproximación politológica propia del proceso colombiano”, en un marco temporal que comprende desde los últimos años del siglo XVIII hasta la época contemporánea.
563 ## - NOTA DE ENCUADERNACIÓN
Nota de encuadernación Rústico
650 #7 - ASIENTO SECUNDARIO DE MATERIA - TERMINO TEMÁTICO
9 (RLIN) 409
Término temático o nombre geográfico como elemento de entrada Biografía
653 ## - TÉRMINO DE INDIZACIÓN - NO CONTROLADO
Término no controlado Ciencias sociales y estado -- Historia
942 ## - TIPO DE MATERIAL (KOHA)
Tipo de Item KOHA Libros General
945 ## - INFORMACIÓN LOCAL DEL REGISTRO
Catalogador JTF-925
Existencias
Estado de Material Estado de Perdido Forma de Clasificación Estado de Dañado No para Préstamo Colección Biblioteca de Origen Biblioteca Permanente Fecha de Adquisición Área Total de Préstamos Signatura Topográfica Código de Barras Última vez visto Ejemplar/Existencia Fecha de Remplazo Tipo de Material
    Dewey Decimal Classification     Colección General Biblioteca FUSBC Biblioteca FUSBC 21/01/2022 BIOGRAFIA   G 986.1 UR76v 19548 21/01/2022 Ej. 1 21/01/2022 Libros General

Biblioteca FUSBC | Teléfono: (57+4) 349 88 10 Ext. 141| WhatsApp (+57) 3005338115 
E-mail: biblioteca@unisbc.edu.co | Calle 76 87-14 Robledo Palenque, Medellín, Colombia

Con tecnología Koha